Quizzes
Events
Quiz Creation
Community
Videos
Private Events
Remove Ads
Sign In
Join for FREE
Feedback
Dark Mode
Quiz Categories
Sports
Geography
Music
Movies
Television
Just For Fun
Miscellaneous
History
Literature
Language
Science
Gaming
Entertainment
Religion
Holiday
For Kids
Quiz Lab
Recent
Popular Today
Quiz Kudos Today
Editor Picks
Curator Picks
Quizzes by...
Day
Popularity
Type
Ratings
Length
Year
Community
Subscriptions
Recent Discussions
Orange Saloon
Badges
Playlists
Quests
Create
Leaderboards
Showdown
Live 5
Trivia Bingo
Activity
Puzzle Library
Sporcle Events
Private Events
Virtual Trivia
Globe League
Become a Host
Pub Owners
SporcleCon
Opinionation
Our Games
Videos
Blog
Mobile Apps
Partnerships
Remove Ads and Go Orange
Feedback
Television
TV Characters
TV Show
Sitcom
Network
Friends
Reality Shows
Cast
South Park
Star Trek
The Simpsons
Doctor Who
Television
TV Characters
TV Show
Sitcom
Network
Friends
Reality Shows
Cast
South Park
Star Trek
The Simpsons
Doctor Who
Random Quiz
Search Sporcle
×
Quiz Lab
Quiz Lab
Television
Michael Scott
Type in answers that appear in a list
Type in answers that appear in a list
Classic
Best Score? Go Orange.
That's What She Said Stats
Can you name the lines that have caused Michael Scott to say 'that's what she said'?
By
enough
6m
20 Questions
665 Plays
665 Plays
665 Plays
Comments
Comments
Give Quiz Kudos
Give Quiz Kudos
-
- Ratings
hide this ad
More Info
Replay
Link that replays current quiz
Next Quiz
Link to next quiz in quiz playlist
You Got
0%
They Got
Avg Score
19%
Avg Friend Score
Upgrade to see
Score Distribution
Jump to the score distribution portion of the page
Score
0/20
Timer
06:00
0
Plays Today
% Correct
'You already did me.'
53.8%
'Well you always left me satisfied and smiling.'
49.5%
'Wow, that is really hard.'
37%
'My mother's coming.'
28.6%
'Why did you get it so big?'
25%
'I need two men on this.'
19.7%
'You really think you can go all day long?'
18.9%
'Can you make that straighter?'
18%
'No thanks, I'm good.'
17.3%
'Come again?'
17.3%
% Correct
'You're hardly my first.'
15.2%
'It squeaks when you bang it.'
13.4%
'And up comes the toolbar.'
12.5%
'At least we put this matter to bed.'
11.6%
'That's what I said.'
11.1%
'And you were directly under her the entire time?'
10.7%
'So instead you screwed me?'
9.9%
'Let's just blow this party off.'
8.7%
'Force it in as deep as you can'
7.2%
'You need to get back on top.'
4.5%
Quiz Playlist
Details
Report
Send in Message
Add To Playlist
More Info:
*Only times where Michael Scott has said it. Not counting deleted scenes.
Classic:
Type in answers that appear in a list
Last Updated: Feb 16, 2017
Quiz Scoreboard
CHALLENGE
Sign Up to Join the Scoreboard
Show All
Scores
Hide
Comments
May contain spoilers
Recently Published
1-10 Letter E Words III
by El_Dandy
Language
2m
One Thing in Common: World Cities II
by knightlancer
Geography
7m
Popular People in 1961
by mucciniale
History
6m
More to Explore
Quiz From the Vault
Featured Blog Post
Where Did the Easter Bunny Come From?
hide this ad
You Might Also Like...
Tags
Caused
michael
Michael Scott
scott
Today's Top Quizzes in Television
Browse Television
hide this ad
Today's Top Quizzes in Michael Scott
Browse Michael Scott
Top Contributed Quizzes in Television
1
One Piece Logic Puzzle
2
Survivor Logic Puzzle: Heroes vs. Villains
3
Survivor Seasons
4
Survivor Season by Logo
5
Ultimate Survivor Logic Puzzle
6
Survivor Logic Puzzle: Winners at War
7
Survivor Trivia
8
Survivor Heroes vs. Villains Logic Puzzle
9
All US Survivor Seasons in Order
10
Emmerdale Characters (from August 2012)
Explore More
Trending Topics
Harry Potter
Marvel
Disney
Anime
NBA
Crossword
Kpop
Pokémon
The Office
Soccer
Country
WWE
Puzzle
Song
NFL
hide this ad
More By:
enough
Quiz
Plays
Rating
Category
Featured
Created
Blitz: Name A...
467,773
4.61
Miscellaneous
Sep 24, 2010
The Office: What Character?
411,895
4.28
Television
Mar 1, 2010
Game System by Controller
359,945
4.34
Gaming
Apr 8, 2010
Animated Movie by Characters
355,633
4.57
Movies
Feb 11, 2010
Blitz: Name A... II
335,569
4.50
Miscellaneous
Oct 12, 2010
Go to Creator's Profile
Score Distribution
Quiz Creator Spotlight
enough
Follow
Send a Message
Quizzes Created
-
Created Quiz Play Count
-
More By This Creator
Popular Quizzes Today
1
Find the US States - No Outlines Minefield
2
The Countries of the World
3
Popular People in 1961
4
Find the Countries of Europe - No Outlines Minefield
5
1-10 Letter E Words III
6
Find the US States
7
One Thing in Common: World Cities II
8
US States
More Television Quizzes
TV Superhumans by Show Blitz
Published
Trending Quizzes
1-10 Letter F Words
One Thing in Common: Music
1-10 Letter G Words
Risky Map Clicking: Next State Alphabetically
1-10 Letter F Words II
Recently Updated
Leaping Animals
pecheneg
Reality TV Shows (A-Z)
bhenderson79
Rickey Henderson's Hall of Fame Teammates
pecheneg
Champions League XIs: Arsenal
pecheneg
Quick Pick: Celebrities in WWE's Hall of Fame
aduchscher
A-Z Keypad Blitz II
pecheneg
Multiple Oscar Actors
pecheneg
Mystery Phrase Blitz: Oscar 'Best Actors'
pecheneg
F. Scott Fitzgerald Novels
LTH
Pick 3 Villains
ddd62291
Trending Topics
Marvel
NBA
Crossword
Kpop
Disney
Harry Potter
Anime
The Office
WWE
Song
NFL
Puzzle
Soccer
Country
Pokémon
Your Account Isn't Verified!
In order to create a playlist on Sporcle, you need to verify the email address you used during registration. Go to your
Sporcle Settings
to finish the process.
Report this User
Report this user for behavior that violates our
Community Guidelines
.
Details:
Send Report
Go to the Sporcle.com Mobile Site →
Comments